00793cam a2200301Ia 4500020001500000020001800015020001500033020001800048020001500066020001800081020001500099020001800114020001500132020001800147020001500165020001800180040000800198082002600206245004900232246003600281250001200317260003700329300003100366500002700397650002400424700001800448700002500466 a0393975657 a9780393975659 a0393975665 a9780393975666 a0393975673 a9780393975673 a0393975681 a9780393975680 a039397569X a9780393975697 a0393975703 a9780393975703 cSMX 4a820 NOR 2000 A094 Or.04aThe Norton anthology of English literature /30aAnthology of English literature a7th ed. aNew York :bNorton,c℗♭2000- a6 volumes :bmaps ;c25 cm aMaps on lining papers. 0aEnglish literature.1 aAbrams, M. H.1 aGreenblatt, Stephen,